Statystyki dla Tabela wszechczasów Ekstraklasy

Kliknij tutaj aby rozwiązać quiz!

Ogólne statystyki

  • Ten quiz został rozwiązany 117 razy
  • Średni wynik to 44 z 86

Statystyki odpowiedzi

MiejsceLigaKlub% Poprawnych
1.EkstraklasaLegia Warszawa
100%
2.1 LigaWisła Kraków
97%
5.EkstraklasaLech Poznań
96%
4.EkstraklasaRuch Chorzów
94%
7.EkstraklasaPogoń Szczecin
93%
3.EkstraklasaGórnik Zabrze
92%
6.EkstraklasaŁKS Łódź
90%
9.EkstraklasaWidzew Łódź
90%
64.Nie istniejeLechia/Olimpia Gdańsk
89%
11.EkstraklasaCracovia Kraków
88%
31.EkstraklasaRaków Częstochowa
85%
23.EkstraklasaWarta Poznań
85%
14.1 LigaPolonia Warszawa
84%
8.EkstraklasaŚląsk Wrocław
84%
17.EkstraklasaStal Mielec
84%
18.EkstraklasaJagiellonia Białystok
83%
19.EkstraklasaKorona Kielce
83%
10.EkstraklasaZagłębie Lubin
83%
27.1 LigaArka Gdynia
82%
53.EkstraklasaRadomiak Radom
80%
42.1 LigaMotor Lublin
79%
57.1 LigaGKS Tychy
78%
22.1 LigaWisła Płock
78%
12.1 LigaGKS Katowice
76%
62.1 LigaMiedź Legnica
76%
15.1 LigaZagłębie Sosnowiec
75%
21.EkstraklasaPiast Gliwice
73%
86.EkstraklasaPuszcza Niepołomice
73%
37.1 LigaStal Rzeszów
72%
28.Nie istniejeAmica Wronki
71%
32.3 LigaZawisza Bydgoszcz
71%
36.1 LigaGórnik Łęczna
70%
26.1 LigaOdra Opole
69%
16.2 LigaPolonia Bytom
69%
46.1 LigaBruk-Bet Termalica Nieciecza
67%
40.1 LigaPodbeskidzie Bielsko-Biała
65%
38.2 LigaHutnik Kraków
64%
35.2 LigaStomil Olsztyn
64%
34.4 Liga UkraińskaPogoń Lwów
62%
29.3 LigaGKS Bełchatów
61%
20.4 LigaSzombierki Bytom
58%
33.3 LigaGarbarnia Kraków
57%
70.2 LigaSandecja Nowy Sącz
54%
30.5 LigaDyskobolia Grodzisk Wielkopolski
49%
13.1 LigaLechia Gdańsk
49%
47.4 LigaGórnik Wałbrzych
46%
25.4 LigaOdra Wodzisław Śląski
44%
59.3 LigaKSZO Ostrowiec Świętokrzyski
42%
55.2 LigaStal Stalowa Wola
39%
24.Nie istniejeGwardia Warszawa
38%
75.3 LigaGórnik Polkowice
37%
60.3 LigaSiarka Tarnobrzeg
37%
79.2 LigaGKS Jastrzębie-Zdrój
36%
54.4 LigaRuch Radzionków
36%
72.4 LigaRKS Radomsko
35%
45.4 LigaROW Rybnik
35%
77.3 LigaŚwit Nowy Dwór Mazowiecki
34%
44.4 LigaBałtyk Gdynia
33%
49.Nie istniejeCzarni Lwów
33%
71.4 LigaSzczakowianka Jaworzno
31%
41.Nie istniejeOlimpia Poznań
29%
39.Nie istniejeWarszawianka
29%
51.5 LigaSokół Pniewy
26%
48.A KlasaZagłębie Wałbrzych
24%
52.Klasa OkręgowaPolonia Bydgoszcz
20%
82.Nie istniejeŚmigły Wilno
17%
68.4 LigaIgloopol Dębica
16%
76.4 LigaMKS Tarnovia Tarnów
16%
67.B KlasaWawel Kraków
16%
50.Liga OkręgowaGórnik Radlin
15%
56.B Klasa1. FC Katowice
13%
80.Nie istniejeDąb Katowice
13%
58.Nie istniejeKlub Turystów Łódź
13%
43.B KlasaAKS Chorzów
12%
66.Nie istniejeHasmonea Lwów
12%
83.Nie istniejeJutrzenka Kraków
12%
63.4 LigaŚląsk Świętochłowice
12%
65.4 LigaUnia Racibórz
11%
61.Klasa OkręgowaArkonia Szczecin
10%
84.Nie istniejeLechia Lwów
10%
85.NieistniejeUnion-Touring Łódź
10%
73.Nie istniejeTKS Toruń
8%
78.A KlasaRymer Niedobczyce
7%
81.Nie istniejeŁTSG Łódź
6%
74.A KlasaPodgórze Kraków
6%
69.Nie istnieje22 Strzelec Siedlce
4%

Rozkład punktacji

Percentyl według liczby udzielonych odpowiedzi

Procent ludzi z każdym wynikiem

Twoja historia wyników

Nie rozwiązałeś tego quizu